Research methods (Record no. 16430)

000 -LEADER
fixed length control field 01306nam a22002057a 4500
003 - CONTROL NUMBER IDENTIFIER
control field OSt
005 - DATE AND TIME OF LATEST TRANSACTION
control field 20170105102939.0
020 ## - INTERNATIONAL STANDARD BOOK NUMBER
International Standard Book Number 9781133309598
040 ## - CATALOGING SOURCE
Original cataloging agency 0
082 ## - DEWEY DECIMAL CLASSIFICATION NUMBER
Classification number 150.72
Author Mark WHI 2013
100 ## - MAIN ENTRY--PERSONAL NAME
Personal name Theresa L White
245 ## - TITLE STATEMENT
Title Research methods
Statement of responsibility, etc. Theresa L. White
250 ## - EDITION STATEMENT
Edition statement 9th ed
260 ## - PUBLICATION, DISTRIBUTION, ETC.
Place of publication, distribution, etc. Australia
Name of publisher, distributor, etc. Wadsworth Cengage Learning
Date of publication, distribution, etc. 2013
300 ## - PHYSICAL DESCRIPTION
Extent xx, 458 pages
Dimensions 24 cm
505 ## - FORMATTED CONTENTS NOTE
Formatted contents note Psychology and Science -- Developing a Research Question -- Ethics in Research -- Writing in Psychology -- Variables -- Validity -- Control -- Nonexperimental Research, Part I: Observational, Archival and Case-Study Research -- Nonexperimental Research, Part 2: Survey Research -- True Experiments, Part 1: Single-Factor Designs -- True Experiments, Part 2: Factorial Designs -- Single-Subject Experiments -- Quasi Experiments -- Data Exploration PartI: Graphic and Descriptive Techniques -- Data Exploration, Part 2: Inferential Statistics.
520 ## - SUMMARY, ETC.
Summary, etc. Provides psychology students with a scientific approach to understanding their field of study and the world in general. This title illustrates the many creative ways that psychology professionals design and conduct effective research
650 ## - SUBJECT ADDED ENTRY--TOPICAL TERM
Topical term or geographic name entry element Psychology, Experimental - Methodology. Psychology -Research - Methodology.
942 ## - ADDED ENTRY ELEMENTS (KOHA)
Source of classification or shelving scheme
Koha item type Book
Holdings
Withdrawn status Lost status Damaged status Not for loan Collection code Permanent Location Current Location Shelving location Date acquired Total Checkouts Full call number Barcode Date last seen Price effective from Koha item type
          Centre for International Peace & Stability (CIPS) Centre for International Peace & Stability (CIPS) General Stacks 06/30/2016   150.72 WHI 2013 CIPS0002856 07/26/2016 07/26/2016 Book
© 2023 Central Library, National University of Sciences and Technology. All Rights Reserved.